[Event "Titled Tue 24th Jun Early"]
[Site "chess.com INT"]
[Date "2025.06.24"]
[Round "6"]
[White "Williams, Simon K"]
[Black "Gonzalez Guedes, Iyan"]
[Result "1-0"]
[WhiteTitle "GM"]
[BlackTitle "FM"]
[WhiteElo "2444"]
[BlackElo "2238"]
[WhiteFideId "404454"]
[BlackFideId "24524131"]
[EventDate "2025.06.24"]

1. c4 d6 2. Nc3 e5 3. Nf3 f5 4. d4 Nd7 5. e4 fxe4 6. Nxe4 Ngf6 7. Neg5 Qe7 8. d5
h6 9. Ne6 Nc5 10. Nxc5 dxc5 11. Be2 e4 12. Nh4 Qf7 13. g3 Bh3 14. Qa4+ Kd8 15.
Bf1 Bd7 16. Qb3 b6 17. Ng2 Ng4 18. Be3 Ne5 19. Be2 g5 20. O-O-O Bg7 21. d6 c6
22. h4 g4 23. h5 Be6 24. Nf4 Bxc4 25. Bxc4 Qxc4+ 26. Qxc4 Nxc4 27. Ne6+ Kd7 28.
Nxg7 Raf8 29. Rh4 Ne5 30. Bf4 Nd3+ 31. Rxd3 exd3 32. Rxg4 Rhg8 33. Rg6 c4 34.
Ne6 Re8 35. Nd4 c5 36. Nf3 Rgf8 37. Ne5+ Kd8 38. Rg7 Re6 39. Nc6+ Kc8 40. Rc7# 1-0

[Event "Titled Tue 24th Jun Early"]
[Site "chess.com INT"]
[Date "2025.06.24"]
[Round "6"]
[White "Krzywda, Andrzej"]
[Black "Izafatava, Kira"]
[Result "1-0"]
[WhiteTitle "CM"]
[BlackTitle "WCM"]
[WhiteElo "2175"]
[BlackElo "2036"]
[WhiteFideId "1114565"]
[BlackFideId "13521705"]
[EventDate "2025.06.24"]

1. c4 Nf6 2. g3 d5 3. cxd5 Nxd5 4. Bg2 g6 5. Nc3 Nxc3 6. dxc3 Qxd1+ 7. Kxd1 Bg7
8. e4 O-O 9. Be3 e5 10. Kc2 Be6 11. Nf3 a5 12. Nd2 c6 13. a4 Nd7 14. Bf1 Rfb8
15. Bc4 Bxc4 16. Nxc4 Kf8 17. Rhd1 Ke7 18. Rd2 Rd8 19. Rad1 Nf6 20. Rxd8 Rxd8
21. Rxd8 Kxd8 22. Bb6+ Kc8 23. f3 Nd7 24. Bxa5 f5 25. exf5 gxf5 26. Nd6+ Kb8 27.
Nxf5 Bf6 28. b3 c5 29. c4 b6 30. Bc3 Bg5 31. Kd3 Kc7 32. Ke4 Bf6 33. h4 h5 34.
g4 hxg4 35. fxg4 Kc6 36. g5 Bh8 37. h5 Kc7 38. h6 Kd8 39. g6 Nf6+ 40. Kd3 e4+
41. Kc2 e3 42. g7 Bxg7 43. hxg7 Ng8 44. Nxe3 Kd7 45. Nd5 Kc6 46. Kd3 Kd6 47. Ke4
Kc6 48. Kf5 Kb7 49. Kg6 Kc6 50. Kh7 1-0

[Event "Titled Tue 24th Jun Early"]
[Site "chess.com INT"]
[Date "2025.06.24"]
[Round "6"]
[White "Verbova, Elena"]
[Black "Golis, Wiktor"]
[Result "0-1"]
[WhiteTitle "WFM"]
[BlackTitle "FM"]
[WhiteElo "2033"]
[BlackElo "2307"]
[WhiteFideId "14203677"]
[BlackFideId "21055874"]
[EventDate "2025.06.24"]

1. c4 e6 2. Nc3 d5 3. d4 Nf6 4. cxd5 exd5 5. Bg5 c6 6. e3 Bd6 7. Bd3 O-O 8. Qc2
h6 9. Bh4 Re8 10. Nf3 Be6 11. Ne5 c5 12. O-O-O cxd4 13. exd4 Nc6 14. Bh7+ Kf8
15. f4 Rc8 16. Kb1 b5 17. f5 Nxd4 18. Rxd4 Bxe5 19. Rdd1 b4 20. fxe6 bxc3 21.
exf7 Re6 22. Bf5 cxb2 23. Bxe6 Rxc2 24. Kxc2 Qc7+ 25. Kb1 Ne4 26. Be1 Bf4 27.
Bb4+ Bd6 28. Bxd5 Bxb4 29. Bxe4 Ba3 30. Rhf1 g5 31. Bc2 Kg7 32. Rde1 Qxh2 33.
Re8 Bf8 34. Rfe1 Qxg2 35. R1e6 Kxf7 36. a4 Qd2 0-1

[Event "Titled Tue 24th Jun Early"]
[Site "chess.com INT"]
[Date "2025.06.24"]
[Round "6"]
[White "Pham, Le Thao Nguyen"]
[Black "Mata Gonzalez, Jose Fernando"]
[Result "1-0"]
[WhiteTitle "IM"]
[BlackTitle "CM"]
[WhiteElo "2357"]
[BlackElo "2164"]
[WhiteFideId "12401226"]
[BlackFideId "5107423"]
[EventDate "2025.06.24"]

1. d4 Nf6 2. Bg5 d6 3. Bxf6 exf6 4. e3 g6 5. Nf3 Bg7 6. h3 O-O 7. Be2 b6 8. O-O
Bb7 9. a4 Nd7 10. a5 bxa5 11. Rxa5 f5 12. Nc3 h6 13. Qa1 a6 14. Qa3 f4 15. exf4
Nf6 16. Nd2 Nh5 17. Bxh5 gxh5 18. Rxh5 Qf6 19. d5 Qg6 20. Rh4 Qxc2 21. Nf3 Bxc3
22. bxc3 Bxd5 23. Nd4 Qe4 24. Rg4+ Kh8 25. f5 Qe5 26. Qc1 Kh7 27. f6 Rg8 28. f4
Rxg4 29. hxg4 Qe4 30. Rf2 Rb8 31. Kh2 Rb1 32. Qd2 Qg6 33. Qe2 Be4 34. f5 Qg5 35.
Kg3 h5 36. Qxe4 h4+ 37. Kf3 Rc1 38. Ne2 Rc2 39. Qe3 Rxc3 40. Qxc3 1-0

[Event "Titled Tue 24th Jun Early"]
[Site "chess.com INT"]
[Date "2025.06.24"]
[Round "6"]
[White "Wijerathna, Vinuka Dihain"]
[Black "Rabin, Evan"]
[Result "1/2-1/2"]
[WhiteTitle "CM"]
[WhiteElo "2049"]
[BlackElo "1945"]
[WhiteFideId "29981905"]
[BlackFideId "2028670"]
[EventDate "2025.06.24"]

1. Nf3 Nf6 2. d3 g6 3. e4 d6 4. c3 Bg7 5. Qc2 O-O 6. Nbd2 c5 7. Be2 Nc6 8. O-O
Rb8 9. h3 b5 10. Rd1 b4 11. Nf1 a5 12. Bf4 Nd7 13. Ne3 Nb6 14. Bg3 Ba6 15. a3
bxc3 16. bxc3 Bb5 17. a4 Ba6 18. Rab1 Qd7 19. Rb2 Nxa4 20. Rxb8 Nxb8 21. e5 Nb6
22. Rb1 Qc6 23. Qa2 a4 24. e6 f5 25. Rxb6 Qxb6 26. Nd5 Qb7 27. Bh4 Nc6 28. Qxa4
Bb5 29. Qf4 h6 30. c4 Ba4 31. Qg3 g5 32. Bxg5 hxg5 33. Nxg5 Nd4 34. Bf1 Bc6 35.
Qh4 Ra8 36. Qh7+ Kf8 37. Nf4 Be8 38. Ng6+ Bxg6 39. Qxg6 Kg8 40. Qf7+ Kh8 41.
Qh5+ Kg8 42. Qf7+ Kh8 43. Qh5+ Kg8 44. Qf7+ 1/2-1/2

[Event "Titled Tue 24th Jun Early"]
[Site "chess.com INT"]
[Date "2025.06.24"]
[Round "6"]
[White "Aarav Sinha"]
[Black "Martinez, Shawn"]
[Result "1-0"]
[WhiteTitle "FM"]
[WhiteElo "2255"]
[BlackElo "1921"]
[WhiteFideId "25674064"]
[BlackFideId "2039770"]
[EventDate "2025.06.24"]

1. d4 d5 2. Bf4 e6 3. Nf3 c5 4. e3 Nc6 5. c3 Bd6 6. Bg3 f5 7. Nbd2 Nf6 8. Bb5
O-O 9. Bxc6 bxc6 10. Bxd6 Qxd6 11. Ne5 cxd4 12. exd4 c5 13. O-O Ba6 14. Re1 Ne4
15. f3 Nf6 16. Nb3 cxd4 17. cxd4 Rfc8 18. Nc5 Rab8 19. Qa4 Rb6 20. Rac1 h5 21.
h4 f4 22. Kh2 Rc7 23. b4 Bb5 24. Qb3 Bc4 25. Nxc4 dxc4 26. Qxc4 Nd5 27. a3 Re7
28. Ne4 Qd7 29. Ng5 Rb8 30. Re5 Ne3 31. Qc6 Qxd4 32. Rxe6 Rd7 33. Rg6 Rf8 34.
Qe6+ Kh8 35. Ne4 1-0

[Event "Titled Tue 24th Jun Early"]
[Site "chess.com INT"]
[Date "2025.06.24"]
[Round "6"]
[White "Salonen, Aku"]
[Black "Odabasi, Ruzgar"]
[Result "1-0"]
[WhiteTitle "FM"]
[BlackTitle "CM"]
[WhiteElo "2330"]
[BlackElo "2170"]
[WhiteFideId "517577"]
[BlackFideId "51604787"]
[EventDate "2025.06.24"]

1. e4 c6 2. d4 d5 3. exd5 cxd5 4. Bd3 Nc6 5. c3 Nf6 6. h3 g6 7. Nf3 Bg7 8. O-O
O-O 9. Re1 Bf5 10. Bf1 Ne4 11. Nbd2 Nxd2 12. Bxd2 Rc8 13. Bf4 h5 14. Bd3 Bxd3
15. Qxd3 e6 16. h4 Qd7 17. g3 Rfd8 18. Kg2 a6 19. Rh1 b5 20. a4 b4 21. Qxa6 bxc3
22. bxc3 Ra8 23. Qd3 Na5 24. Qb5 Nc4 25. Qxd7 Rxd7 26. Rhb1 Rda7 27. Rb8+ Rxb8
28. Bxb8 Rb7 29. Bf4 Ra7 30. Ra2 Bf8 31. Ne1 Na3 32. Bc1 Nc4 33. Nd3 Ra5 34. Kf1
Bd6 35. Ke2 Nb6 36. Nb2 Kf8 37. Kd3 Be7 38. Kc2 Ke8 39. Kb3 Kd7 40. c4 dxc4+ 41.
Nxc4 Nxc4 42. Kxc4 Kc6 43. Bd2 Ra8 44. a5 Bd8 45. Rb2 Bc7 46. Rb5 Ra7 47. Rc5+
Kd6 48. Bf4+ Kd7 49. Bxc7 Rxc7 50. a6 Ra7 51. Kb5 Ra8 52. Rc6 Rb8+ 53. Rb6 Rc8
54. a7 Ra8 55. Rb7+ Kd6 56. Kb6 1-0

[Event "Titled Tue 24th Jun Early"]
[Site "chess.com INT"]
[Date "2025.06.24"]
[Round "6"]
[White "Samsonkin, Artiom"]
[Black "Maghsoodloo, Parham"]
[Result "0-1"]
[WhiteTitle "IM"]
[BlackTitle "GM"]
[WhiteElo "2361"]
[BlackElo "2691"]
[WhiteFideId "13503111"]
[BlackFideId "12539929"]
[EventDate "2025.06.24"]

1. e4 Nc6 2. Nf3 g6 3. d4 Bg7 4. d5 Nb8 5. Bd3 d6 6. O-O Nf6 7. Re1 O-O 8. Nc3
c6 9. Bg5 h6 10. Bh4 a6 11. Qd2 b5 12. Bxf6 exf6 13. dxc6 Nxc6 14. Rad1 Bg4 15.
Be2 f5 16. exf5 Bxf5 17. Nd5 Re8 18. Bd3 Rxe1+ 19. Rxe1 Be6 20. Bxg6 Ne5 21. Be4
Rc8 22. b3 Rc5 23. Nf4 Nxf3+ 24. Bxf3 Bc3 25. Qe3 Bxe1 26. Nxe6 fxe6 27. Qxe6+
Kg7 28. Qxe1 Rxc2 29. g3 Qf6 30. Bd5 Rxa2 31. Qe3 h5 32. Qa7+ Kh6 33. Qe3+ Kh7
34. Qa7+ Kh8 35. Qb8+ Kg7 36. Qa7+ Kf8 37. Qb8+ Ke7 38. Qa7+ Ke8 39. Qb8+ Qd8
40. Bc6+ Ke7 41. Qb7+ Kf6 42. Qh7 d5 43. Qh6+ Ke5 44. Qxh5+ Kd4 45. Qd1+ Kc5 46.
b4+ Kxc6 0-1

[Event "Titled Tue 24th Jun Early"]
[Site "chess.com INT"]
[Date "2025.06.24"]
[Round "6"]
[White "Bluebaum, Matthias"]
[Black "Salinas Herrera, Pablo"]
[Result "1-0"]
[WhiteTitle "GM"]
[BlackTitle "GM"]
[WhiteElo "2663"]
[BlackElo "2447"]
[WhiteFideId "24651516"]
[BlackFideId "3407128"]
[EventDate "2025.06.24"]

1. d4 d5 2. c4 e6 3. Nc3 Nf6 4. cxd5 exd5 5. Bg5 c6 6. e3 h6 7. Bf4 Bd6 8. Bxd6
Qxd6 9. Bd3 Be6 10. Nge2 Nbd7 11. O-O O-O 12. Qd2 a6 13. Rac1 Rac8 14. f3 c5 15.
dxc5 Nxc5 16. Bb1 Rfd8 17. Rfd1 Qe7 18. Nd4 b5 19. Nce2 Qb7 20. Qa5 Ncd7 21. b3
Nf8 22. Nf4 Rxc1 23. Rxc1 Rc8 24. Rxc8 Bxc8 25. Qc3 Qe7 26. Kf2 Bd7 27. b4 Qd6
28. Kg1 Qe5 29. Nxb5 Qb8 30. Nd4 a5 31. a3 axb4 32. axb4 Qa7 33. Bd3 Qa2 34. h4
Qa7 35. b5 Qb6 36. Kf2 g5 37. hxg5 hxg5 38. Nfe2 g4 39. Qb4 gxf3 40. gxf3 Qc7
41. Nf4 Qc1 42. Qe7 Kg7 43. Qe5 Qh1 44. Qg5+ Ng6 45. Bxg6 Qh2+ 46. Ke1 1-0

[Event "Titled Tue 24th Jun Early"]
[Site "chess.com INT"]
[Date "2025.06.24"]
[Round "6"]
[White "Krzesaj, Robert"]
[Black "Goldin, Roman"]
[Result "1-0"]
[WhiteTitle "FM"]
[BlackTitle "FM"]
[WhiteElo "2391"]
[BlackElo "2299"]
[WhiteFideId "1123521"]
[BlackFideId "2803860"]
[EventDate "2025.06.24"]

1. d4 Nf6 2. c4 Nc6 3. Nf3 d6 4. d5 Ne5 5. Nxe5 dxe5 6. Nc3 e6 7. g3 exd5 8.
cxd5 Bd6 9. Bg2 O-O 10. O-O Bd7 11. Bg5 h6 12. Bxf6 Qxf6 13. e4 b5 14. Rc1 a5
15. h3 a4 16. Nb1 Rfb8 17. Nd2 b4 18. Nc4 Bb5 19. Qf3 Qe7 20. Rfd1 Bxc4 21. Rxc4
Rb5 22. Bf1 Rc5 23. Rdc1 Rxc4 24. Rxc4 g6 25. h4 Kg7 26. Bh3 Rb8 27. Qd1 Qe8 28.
b3 axb3 29. axb3 Ra8 30. Rc6 Ra2 31. h5 g5 32. Rc2 Ra3 33. Rc1 Qa8 34. Bf1 Qa7
35. Bc4 Bc5 36. Qe2 Bd4 37. d6 cxd6 38. Bd5 Ra2 39. Rc2 Ra1+ 40. Kg2 Bc3 41. Qf3
Re1 42. Re2 Rd1 43. Ra2 Qxa2 44. Qxf7+ 1-0

[Event "Titled Tue 24th Jun Early"]
[Site "chess.com INT"]
[Date "2025.06.24"]
[Round "6"]
[White "Yatskar, Martin"]
[Black "Waldhausen Gordon, Frederick"]
[Result "1-0"]
[WhiteTitle "CM"]
[BlackTitle "FM"]
[WhiteElo "2225"]
[BlackElo "2395"]
[WhiteFideId "34109676"]
[BlackFideId "2409143"]
[EventDate "2025.06.24"]

1. d4 Nf6 2. c4 e6 3. Nc3 Bb4 4. Qc2 O-O 5. e4 d5 6. e5 Ne4 7. Bd3 c5 8. Nf3
cxd4 9. Nxd4 Nd7 10. Bf4 Ndc5 11. O-O Nxd3 12. Qxd3 Bxc3 13. bxc3 Nc5 14. Qg3
Kh8 15. Rad1 Ne4 16. Qe3 f5 17. exf6 Qxf6 18. Bg3 Bd7 19. f3 Nxg3 20. hxg3 dxc4
21. f4 Rad8 22. Nf3 Bc6 23. Ne5 Bd5 24. Rd4 b5 25. Re1 g6 26. Rd2 Qg7 27. Qc5
Qb7 28. Rb2 a6 29. a4 Rc8 30. Qd4 Kg8 31. Ng4 Qg7 32. Qxg7+ Kxg7 33. axb5 axb5
34. Rxb5 Rb8 35. Reb1 Rxb5 36. Rxb5 Ra8 37. Rc5 Ra1+ 38. Kf2 Ra2+ 39. Ke3 Rxg2
40. Rc7+ Kf8 41. Nf6 Rxg3+ 42. Kd4 h5 43. Ke5 Re3+ 44. Kd6 Rxc3 45. Nh7+ Kg8 46.
Nf6+ Kf8 47. Nh7+ Ke8 48. Rc8+ Kf7 49. Ng5+ Kg7 50. Rc7+ Kg8 51. Ke5 Kf8 52. Kf6
Ke8 53. Ke5 Rd3 54. Nf7 Kf8 55. Kf6 1-0

[Event "Titled Tue 24th Jun Early"]
[Site "chess.com INT"]
[Date "2025.06.24"]
[Round "6"]
[White "Murawski, Jan"]
[Black "Mattenberger, Matthias"]
[Result "1-0"]
[WhiteTitle "CM"]
[BlackTitle "FM"]
[WhiteElo "2164"]
[BlackElo "2286"]
[WhiteFideId "21009287"]
[BlackFideId "1339958"]
[EventDate "2025.06.24"]

1. c4 Nf6 2. Nc3 e5 3. Nf3 e4 4. Ng5 c6 5. Qa4 Qe7 6. Qc2 b5 7. Ngxe4 Nxe4 8.
Qxe4 Qxe4 9. Nxe4 bxc4 10. b3 d5 11. Ng3 cxb3 12. axb3 Na6 13. Bb2 Nc5 14. b4
Na6 15. b5 cxb5 16. e4 Rb8 17. exd5 f6 18. Bd3 Nb4 19. Bb1 Bc5 20. O-O Kf7 21.
Ne4 Bb6 22. Nd6+ Ke7 23. Nxb5 Nxd5 24. Re1+ Kd8 25. Be4 Bb7 26. Nd6 Bc6 27. Nf7+
Kd7 28. Nxh8 Rxh8 29. Rec1 Bb7 30. Ba3 Re8 31. Bf3 f5 32. Rab1 g5 33. g3 f4 34.
Bg2 h6 35. h3 h5 36. Re1 Rf8 37. Re5 Rg8 38. Rxd5+ 1-0

[Event "Titled Tue 24th Jun Early"]
[Site "chess.com INT"]
[Date "2025.06.24"]
[Round "6"]
[White "Bacus, Dharim"]
[Black "Young, Cohen"]
[Result "1-0"]
[WhiteTitle "FM"]
[BlackTitle "CM"]
[WhiteElo "2131"]
[BlackElo "2060"]
[WhiteFideId "5201527"]
[BlackFideId "4317440"]
[EventDate "2025.06.24"]

1. e4 c5 2. Nf3 d6 3. d4 cxd4 4. Nxd4 Nf6 5. Nc3 Nc6 6. Bc4 Qb6 7. Nb3 e6 8. Be3
Qc7 9. Nd2 Be7 10. g4 a6 11. g5 Nd7 12. Qh5 Nde5 13. Bb3 b5 14. f4 g6 15. Qh6
Ng4 16. Qg7 Nxe3 17. Qxh8+ Kd7 18. Nd1 Ng2+ 19. Kf1 Nxf4 20. Qxh7 Ne5 21. Qh4
Nh5 22. Rg1 Bb7 23. Qf2 Rh8 24. Nc3 Qd8 25. h4 Bc6 26. a3 Qb8 27. Qd4 Bd8 28.
Qf2 Bb6 29. Qg2 Bxg1 30. Qxg1 Qb7 31. Qf2 Ng7 32. Re1 Ke7 33. Kg1 Ng4 34. Qf4
Rxh4 35. Qg3 Nf5 36. Qg2 Ng7 37. Qg3 Nf5 38. Qg2 Ng7 39. Nf3 1-0

[Event "Titled Tue 24th Jun Early"]
[Site "chess.com INT"]
[Date "2025.06.24"]
[Round "6"]
[White "Gaal, Zsoka"]
[Black "Lerch, Johannes"]
[Result "1-0"]
[WhiteTitle "WGM"]
[BlackTitle "FM"]
[WhiteElo "2391"]
[BlackElo "2204"]
[WhiteFideId "777765"]
[BlackFideId "1658069"]
[EventDate "2025.06.24"]

1. b3 a5 2. Bb2 a4 3. g3 e6 4. Bg2 d5 5. e3 Nf6 6. Ne2 Be7 7. c4 O-O 8. O-O b6
9. cxd5 exd5 10. bxa4 Bb7 11. Nbc3 c5 12. Nf4 Qd7 13. Rb1 Na6 14. Ba1 d4 15.
Bxb7 Qxb7 16. exd4 cxd4 17. Nce2 d3 18. Nxd3 Rad8 19. Ne5 Ne4 20. d4 Ng5 21. h4
Ne6 22. Qb3 Nb4 23. Rfe1 Nd5 24. Qb5 Bf6 25. Qc6 Qa6 26. Nd7 Rxd7 27. Qxd7 Rd8
28. Qb5 Qa8 29. Rec1 Bxh4 30. gxh4 Ndf4 31. Nxf4 Nxf4 32. Qc6 Qa5 33. Qf3 Qf5
34. Rb5 Nh3+ 35. Kg2 Nf4+ 36. Kf1 Qf6 37. Rc6 Qxh4 38. Rcxb6 Re8 39. Rb8 1-0

[Event "Titled Tue 24th Jun Early"]
[Site "chess.com INT"]
[Date "2025.06.24"]
[Round "6"]
[White "Cornelisse, Lorelei"]
[Black "Subramanian, Anusha"]
[Result "1-0"]
[WhiteTitle "WFM"]
[BlackTitle "WFM"]
[WhiteElo "2138"]
[BlackElo "2045"]
[WhiteFideId "1087177"]
[BlackFideId "477710"]
[EventDate "2025.06.24"]

1. f4 d5 2. Nf3 c5 3. g3 Nc6 4. Bg2 Nf6 5. d3 b6 6. O-O e6 7. c3 Bb7 8. Qa4 a6
9. e4 b5 10. Qc2 dxe4 11. dxe4 Be7 12. e5 Nd5 13. a4 O-O 14. h3 c4 15. Kh2 Qb6
16. f5 exf5 17. Qxf5 Bc5 18. Ng5 g6 19. Qe4 Ne3 20. Bxe3 Bxe3 21. axb5 axb5 22.
Rxa8 Bxa8 23. Qh4 Bxg5 24. Qxg5 Qc5 25. Re1 Qf2 26. Qe3 Qxb2 27. e6 Ne7 28. Nd2
Bxg2 29. Kxg2 b4 30. Re2 bxc3 31. Nxc4 c2 32. Nxb2 c1=Q 33. Qxc1 fxe6 34. Qc5
Nf5 35. Rxe6 Rd8 36. Qc4 Rd2+ 37. Re2+ Kg7 38. Qc7+ Kh6 39. Rxd2 Ne3+ 40. Kf3
Nf5 41. g4 Nh4+ 42. Kf4 g5+ 43. Ke5 Ng6+ 44. Kf6 Nf4 45. Qg7# 1-0

[Event "Titled Tue 24th Jun Early"]
[Site "chess.com INT"]
[Date "2025.06.24"]
[Round "6"]
[White "Zong, Davis"]
[Black "Toroptseva, Yevheniia"]
[Result "1-0"]
[WhiteTitle "FM"]
[BlackTitle "WFM"]
[WhiteElo "2242"]
[BlackElo "2104"]
[WhiteFideId "30903955"]
[BlackFideId "34109374"]
[EventDate "2025.06.24"]

1. d4 d5 2. c4 e6 3. Nf3 Nf6 4. g3 Be7 5. Bg2 O-O 6. O-O a5 7. Qc2 Nbd7 8. Nbd2
c5 9. Rd1 Qc7 10. cxd5 exd5 11. b3 b6 12. Bb2 Bb7 13. Rac1 Rac8 14. dxc5 bxc5
15. Ne1 Qb6 16. e3 Rc7 17. Nd3 Rfc8 18. Ne5 Qe6 19. Nxd7 Rxd7 20. Qb1 c4 21.
bxc4 dxc4 22. Bxf6 Bxf6 23. Bxb7 Rb8 24. Nxc4 Rdxb7 25. Qd3 h6 26. Nxa5 Ra7 27.
Nc6 Rba8 28. Nxa7 Rxa7 29. Rc2 Rxa2 30. Rxa2 Qxa2 31. Rc1 Qe6 32. Qc4 Qe5 33.
Qc8+ Kh7 34. Qc2+ g6 35. Qc6 Kg7 36. Kg2 Qf5 37. Rd1 h5 38. Rd7 Qe5 39. Qd5 Qe8
40. h4 Kg8 41. e4 Kg7 42. f4 Kg8 43. e5 Bg7 44. Rd8 Qxd8 45. Qxd8+ Kh7 46. Qe8
Kh6 47. Qxf7 Bh8 48. e6 Bg7 49. e7 Bh8 50. e8=Q Bg7 51. Qxg6# 1-0

[Event "Titled Tue 24th Jun Early"]
[Site "chess.com INT"]
[Date "2025.06.24"]
[Round "6"]
[White "Ocampos, Ian"]
[Black "Shapiro, Daniel"]
[Result "0-1"]
[BlackTitle "FM"]
[WhiteElo "2216"]
[BlackElo "2284"]
[WhiteFideId "117544"]
[BlackFideId "2001780"]
[EventDate "2025.06.24"]

1. e4 c5 2. Nf3 Nc6 3. d4 cxd4 4. Nxd4 Nf6 5. Nc3 d6 6. Bc4 Qb6 7. Nb3 e6 8. Bf4
Ne5 9. Be2 a6 10. Qd2 Be7 11. O-O-O O-O 12. g4 Qc7 13. g5 Nfd7 14. h4 b5 15.
Rdg1 b4 16. Nd1 Bb7 17. f3 Rac8 18. Ne3 a5 19. Nd4 Qc5 20. Kb1 a4 21. Rc1 d5 22.
exd5 exd5 23. Nef5 Rfe8 24. Bb5 Nc4 25. Qd3 Rcd8 26. Rhe1 g6 27. Nxe7+ Rxe7 28.
Rxe7 Qxe7 29. Bxc4 dxc4 30. Qxc4 Rc8 31. Qe2 Qc5 32. Nb5 Ba6 33. c4 bxc3 34.
Rxc3 Qf5+ 35. Qe4 Rxc3 36. Nxc3 Bd3+ 37. Kc1 Bxe4 38. Bd2 Bxf3 39. b3 Bh5 40.
Nxa4 Qf1+ 41. Kb2 Bg4 42. Nc3 Bf5 43. a4 Qf2 44. Kc1 Ne5 45. a5 Nf3 46. Bf4 Qc2# 0-1

[Event "Titled Tue 24th Jun Early"]
[Site "chess.com INT"]
[Date "2025.06.24"]
[Round "6"]
[White "Marin Posada, Sebastian"]
[Black "Leung, Hoi Ting"]
[Result "1-0"]
[WhiteTitle "FM"]
[BlackTitle "WCM"]
[WhiteElo "2246"]
[BlackElo "1618"]
[WhiteFideId "4402782"]
[BlackFideId "6003770"]
[EventDate "2025.06.24"]

1. e4 e5 2. f4 d6 3. Nf3 Nf6 4. Nc3 exf4 5. d4 g6 6. Bxf4 Bg7 7. Bc4 O-O 8. O-O
c6 9. Bg5 Qb6 10. Kh1 Qxb2 11. Qd3 Qb6 12. e5 dxe5 13. dxe5 Bf5 14. Qe2 Nfd7 15.
Rae1 Na6 16. Ne4 Nxe5 17. Nxe5 Bxe5 18. Nf6+ Bxf6 19. Bxf6 Nc5 20. Rxf5 Nd7 21.
Rff1 Nxf6 22. Rxf6 Qd4 23. Ref1 Kh8 24. h3 Rae8 25. Qd3 Qxd3 26. cxd3 Re7 27.
Rxf7 Rexf7 28. Rxf7 Rxf7 29. Bxf7 Kg7 30. Be6 b6 31. Bd7 c5 32. Bb5 Kf6 33. Kg1
Ke5 34. Kf2 Kd4 35. Ke2 Kc3 36. Ke3 a5 37. a4 Kb4 38. Ke4 Kc3 39. Kd5 Kd2 40.
Kc6 c4 41. dxc4 Ke3 42. Kxb6 Kf2 43. c5 Kxg2 44. c6 Kxh3 45. c7 g5 46. c8=Q+ g4
47. Qg8 h5 48. Bd7 Kh4 49. Qg6 Kg3 50. Qxh5 Kf4 51. Qxg4+ Ke5 52. Qf5+ Kd4 53.
Qc5+ Kd3 54. Bf5+ Ke2 55. Qe5+ Kf3 56. Qe4+ Kg3 57. Qe3+ Kh4 58. Qf4+ Kh5 59.
Qg4+ Kh6 60. Qg6# 1-0

[Event "Titled Tue 24th Jun Early"]
[Site "chess.com INT"]
[Date "2025.06.24"]
[Round "6"]
[White "Galperin, Platon"]
[Black "Nakonechnyi, Oleksii"]
[Result "0-1"]
[WhiteTitle "GM"]
[BlackTitle "CM"]
[WhiteElo "2500"]
[BlackElo "2222"]
[WhiteFideId "14165414"]
[BlackFideId "34173714"]
[EventDate "2025.06.24"]

1. c4 Nf6 2. Nc3 g6 3. d4 Bg7 4. e4 d6 5. Be2 O-O 6. Be3 e5 7. d5 a5 8. Nf3 Na6
9. Nd2 Nc5 10. Rb1 Bd7 11. b3 Qe7 12. a3 b6 13. b4 axb4 14. axb4 Na4 15. Nxa4
Rxa4 16. O-O Rfa8 17. Qc2 Ra2 18. Rb2 R2a3 19. c5 bxc5 20. bxc5 Ba4 21. Qc1 Rxe3
22. fxe3 Bh6 23. Nc4 Nxe4 24. c6 Nc5 25. Qc3 Qh4 26. Bf3 e4 27. Be2 Bg7 28. Qd2
Bb3 29. Rbb1 Ra2 30. Qb4 Na6 31. Qxb3 Rxe2 32. Qd1 Ra2 33. Rc1 Qg5 34. g3 Nb4
35. Nxd6 Qxe3+ 36. Kh1 Nd3 37. Rc2 Ra1 38. Nc4 Qc5 39. Qe2 Rxf1+ 40. Qxf1 Qxd5
41. Nb6 Qb3 42. Re2 Qxb6 43. Rxe4 Nf2+ 44. Kg2 Nxe4 45. Qc4 Nd6 46. Qc2 Qb2 47.
Qxb2 Bxb2 0-1

[Event "Titled Tue 24th Jun Early"]
[Site "chess.com INT"]
[Date "2025.06.24"]
[Round "6"]
[White "Kleimenov, Nikolay"]
[Black "Molina, Roberto Junio Brito"]
[Result "1-0"]
[WhiteTitle "CM"]
[BlackTitle "IM"]
[WhiteElo "2199"]
[BlackElo "2381"]
[WhiteFideId "34414223"]
[BlackFideId "2109450"]
[EventDate "2025.06.24"]

1. e4 c6 2. d4 d5 3. e5 Bf5 4. h4 Qb6 5. a4 a5 6. g4 Bd7 7. Rh3 Qc7 8. Nc3 h5 9.
Be2 hxg4 10. Bxg4 Bxg4 11. Qxg4 e6 12. h5 Nd7 13. Nge2 O-O-O 14. Bf4 Nh6 15.
Bxh6 Rxh6 16. O-O-O Nb6 17. Kb1 Qd7 18. b3 Rh7 19. Na2 Kb8 20. Nac1 c5 21. dxc5
Bxc5 22. Nd3 Rc8 23. Nxc5 Rxc5 24. Qd4 Qc7 25. Nc3 Nd7 26. f4 Qb6 27. Nb5 g6 28.
Qg1 Rc8 29. Qg5 Rch8 30. Rdh1 Nc5 31. hxg6 Rxh3 32. Rxh3 Rxh3 33. g7 Rh1+ 34.
Ka2 Kc8 35. g8=Q+ Kd7 36. Qxf7+ 1-0

[Event "Titled Tue 24th Jun Early"]
[Site "chess.com INT"]
[Date "2025.06.24"]
[Round "6"]
[White "Ismagilov, Damir"]
[Black "Aradhya, Garg"]
[Result "0-1"]
[WhiteTitle "CM"]
[BlackTitle "IM"]
[WhiteElo "2173"]
[BlackElo "2370"]
[WhiteFideId "34199982"]
[BlackFideId "25006746"]
[EventDate "2025.06.24"]

1. d4 d5 2. c4 c6 3. Nc3 Nf6 4. Nf3 dxc4 5. a4 Bf5 6. Ne5 e6 7. f3 Bb4 8. Nxc4
O-O 9. Kf2 h6 10. e4 Bh7 11. Be2 a5 12. Be3 Na6 13. h4 Nd7 14. Qb3 f5 15. exf5
Bxf5 16. Na2 b5 17. Ne5 Nxe5 18. dxe5 bxa4 19. Qc4 Qc7 20. f4 Be7 21. Rac1 Nb4
22. Nc3 Rad8 23. Ne4 Nd5 24. Qxc6 Qxc6 25. Rxc6 Bxe4 26. Rxe6 Nxe3 27. Kxe3 Bxg2
28. Rc1 Bb4 29. Rc7 Bd5 30. Rg6 Rf7 31. Rc2 Bb3 32. Rcc6 Bd2+ 33. Kf2 Bxf4 34.
e6 Re7 35. Bg4 Be5 36. Ra6 Bxb2 37. Bf5 a3 38. Rb6 a2 0-1

[Event "Titled Tue 24th Jun Early"]
[Site "chess.com INT"]
[Date "2025.06.24"]
[Round "6"]
[White "Ugorek, Kacper"]
[Black "Troltenier, Dirk"]
[Result "1-0"]
[WhiteTitle "CM"]
[BlackTitle "FM"]
[WhiteElo "2262"]
[BlackElo "2174"]
[WhiteFideId "21890676"]
[BlackFideId "4606400"]
[EventDate "2025.06.24"]

1. f4 Nf6 2. Nf3 d5 3. b3 c5 4. Bb2 g6 5. e3 Bg7 6. Bb5+ Bd7 7. a4 O-O 8. O-O
Bg4 9. h3 Bxf3 10. Qxf3 a6 11. Be2 Nc6 12. d3 Nb4 13. Na3 Rc8 14. Be5 Nc6 15.
Rae1 Nxe5 16. fxe5 Nd7 17. Qxd5 Bxe5 18. Qxb7 Bc3 19. Rd1 Nf6 20. Nc4 a5 21. Qf3
Qd7 22. e4 Qe6 23. Qg3 Rcd8 24. Bg4 Qc6 25. e5 Nxg4 26. Qxg4 Qd5 27. Qe2 f6 28.
exf6 exf6 29. Qf3 Qd7 30. Rf2 Bd4 31. Kh1 Bxf2 32. Qxf2 Qc7 33. Qd2 Rfe8 34. Rf1
Re6 35. Qf4 Qe7 36. Nxa5 Rd4 37. Qf3 Re2 38. Nc6 Qe3 39. Nxd4 cxd4 40. Qxf6 Qe7
41. Qxe7 Rxe7 42. Rf4 Re2 43. Rxd4 Rxc2 44. a5 Rb2 45. a6 Rxb3 46. a7 Rb1+ 47.
Kh2 Ra1 48. Rd8+ Kf7 49. a8=Q 1-0